000 00663nam a2200145Ia 4500
008 100415s9999 xx 000 0 und d
082 _b12997
_a591.61(5483)
100 _aKERALA FOREST DEPARTMENT
245 _aProceedings of the symposium on ecology, behaviour and management of elephants in Kerala 23rd,24th Feb. 1990.
260 _aTHIRUVANANTHAPURAM
_c1990
_bC.K. KARUNAKARAN
365 _b0
630 _aProceedings of the symposium on ecology, behaviour and management of elephants in Kerala 23rd,24th Feb. 1990.
730 _aProceedings of the symposium on ecology, behaviour and management of elephants in Kerala 23rd,24th Feb. 1990.
942 _cBOOK
999 _c595913
_d595910